• 首页
  • 本馆介绍
  • 公告通知
  • 最新文献
  • 馆藏检索
  • 电子资源
  • 读者导购
  • 参考咨询
  • 我的图书馆
  • 登录
  • 详细信息显示
  • 放入我的书架
  • 预约/预借图书
  • 作者相关作品
  • 分类相关作品
  • 丛书相关作品
  • 出版社相关作品

书目信息

  • 表格格式
  • 工作单格式
  • 卡片格式
题名:
环境数学模型
    
 
作者: 汪礼礽 编著
分册:  
出版信息: 上海   华东师范大学出版社  1997.03
页数: 184页
开本: 20cm
丛书名:
单 册:
中图分类: X11
科图分类:
主题词: 环境数学
电子资源:
ISBN: 7-5617-1685-0
000 00518nam0 2200181 45
001 0201091180
005 20070607105712.17
010    @a7-5617-1685-0@dCNY8.50
100    @a20020109d1997 km y0chiy0120 ea
101 0  @achi
200 1  @a环境数学模型@AHuan Jing Shu Xue Mo Xing@f汪礼礽编著@FWang Li Reng BianZhu
210    @a上海@c华东师范大学出版社@d1997.03@h2001.7重印
215    @a184页@d20cm
606 0  @a环境数学
690    @aX11@v4
701  0 @a汪礼礽@4编著
801    @aCN@bTSTC@c20070607
905    @dX11@e31@f1@b281393
    
    环境数学模型/汪礼礽编著.-上海:华东师范大学出版社,1997.03(2001.7重印)
    184页;20cm
    
    
    ISBN 7-5617-1685-0:CNY8.50
    
●
相关链接 在E读中查询图书 在五车中查询图书 在当当中查询图书 在豆瓣中查询图书


正题名:环境数学模型     索取号:X11/31         预约/预借

序号 登录号 条形码 馆藏地/架位号 状态 备注
1 0281389   002813897   第三借阅区/ [索取号:X11/31] 在馆    
2 0281390   002813904   第三借阅区/ [索取号:X11/31] 在馆    
3 0281391   002813913   第三借阅区/ [索取号:X11/31] 在馆    
4 0281392   002813922   第三借阅区/ [索取号:X11/31] 在馆    
5 0281393   002813931   第三借阅区/ [索取号:X11/31] 在馆    
6 0303673   203036730   第三借阅区/ [索取号:X11/31] 在馆    
7 0303674   203036749   第三借阅区/ [索取号:X11/31] 在馆    
8 0303675   203036758   第三借阅区/ [索取号:X11/31] 在馆    
9 0303676   203036767   第三借阅区/ [索取号:X11/31] 在馆    
10 0303677   203036776   第二样本阅览室/ [索取号:X11/31] 在馆    
11 0517390   205173907   密集书库/ [索取号:X11/31] 在馆    
唐山师范学院图书馆 欢迎您!
大连网信软件有限公司© 版权所有